000 00471nam a2200157 a 4500
001 3717
003 CO-ViMGA
008 141112s2004 ck r 000 u spa d
040 _aCO-ViMGA
_bspa
_cCO-ViMGA
082 0 4 _a664.07 S477
245 1 0 _aEl sistema de análisis de riesgos y puntos críticos :
_bsu aplicación a las industrias de alimentos
260 _aZaragoza :
_bAcribia,
_c1991
300 _a332 p
650 1 4 _aALIMENTOS - CONTROL DE CALIDAD
942 _2ddc
_cBK
999 _c15739
_d15739